000 00422nam a22001817a 4500
003 MPLRDC
005 20220104113744.0
008 210129b ||||| |||| 00| 0 eng d
020 _a962-257-088-7
082 _a848.3 YS v.88 c.2
100 _a亦舒著
245 _a叹息桥
_c
250 _a初版
260 _a
_b东荣出版社
_c1996
300 _b
650 _a现代别集
942 _cBK
_o848.3 YS v.88 c.2
999 _c2111
_d2101